01640nam a2200373 a 450000100060000000300080000600500170001400800410003102000140007203500230008603500190010903500170012804000230014504100080016808200240017610000410020024501890024124601390043026000570056926300090062630000280063549000280066350400550069165000410074665000510078765100690083865500370090770000290094474000500097383000620102394200120108599900170109795201520111454939BD-RjUL20211209080206.0161113s1971 enk b 000 1 eng  a192810987 a(OCoLC)ocm40267364 a(BD-RjUL)55061 a(NNC)2331057 aDLCcDLCdNNCbeng aeng00a823.5223bFIH 19711 aFielding, Henry,d1707-1754.916378114aThe history of the adventures of Joseph Andrews and of his friend Mr. Abraham Adams :band, An apology for the life of Mrs. Shamela Andrews /cHenry Fielding ; edited by Douglas Brooks3 aHistory of the adventures of Joseph Andrews, and of his friend Mr. Abraham Adams ; and, An apology for the life of Mrs. Shamela Andrew aOxford ;aNew York :bOxford University Press,c1971 a9907 axliv, 410 p. ; c20 cm.1 aOxford world's classics aIncludes bibliographical references (p. xxxvi-xl). 0aYoung menzEnglandvFiction.9163782 0aHousehold employeeszEnglandvFiction.9163783 0aEnglandxSocial life and customsy18th centuryvFiction.9163784 7aHumorous stories.2gsafd91637881 aBrooks, Douglas.916378602aApology for the life of Mrs. Shamela Andrews. 0aOxford world's classics (Oxford University Press)9163789 2ddccBK c54939d54939 00102ddc40708FICaRUCLbRUCLcStackd1975-06-14eJanathan Wren & co., Londong1.00l0o823.5 FIH 1971r2016-11-13 00:00:00tC-2w2016-11-13yBK